[Event "Titled Tuesday intern op 27th Dec Late"]
[Site "Chess.com INT"]
[Date "2022.12.27"]
[Round "7"]
[White "Popilski, Gil"]
[Black "Putnam, Liam H"]
[Result "0-1"]
[WhiteElo "2443"]
[BlackElo "2229"]
[PlyCount "134"]
[EventDate "2022.12.27"]
[EventType "swiss (blitz)"]
[EventRounds "11"]
[EventCountry "USA"]
[SourceTitle "EXT 2024"]
[Source "ChessBase"]
[SourceDate "2023.10.10"]
[SourceVersion "1"]
[SourceVersionDate "2023.10.10"]
[SourceQuality "1"]

1. e4 c5 2. Nf3 d6 3. d4 cxd4 4. Nxd4 Nf6 5. Nc3 a6 6. Bd3 e5 7. Nde2 Be7 8. 0-0 0-0 9. Ng3 Be6 10. h3 Nbd7 11. Qf3 b5 12. a4 b4 13. Nd5 Bxd5 14. exd5 Nc5 15. Bc4 Re8 16. a5 g6 17. Qe2 Qc7 18. b3 Bf8 19. Bd2 Qb7 20. Rfd1 Bg7 21. c3 Nxd5 22. cxb4 Nxb4 23. Bxb4 Qxb4 24. Ne4 Nxe4 25. Qxe4 Qc5 26. Rd5 Qc6 27. Rad1 Kh8 28. Qf3 Qc7 29. Rxd6 Ra7 30. Qe3 Bf8 31. Rf6 Re7 32. Rb6 Kg7 33. Rdd6 Re8 34. h4 Bxd6 35. Rxd6 Qxd6 36. Qxa7 Re7 37. Qe3 e4 38. b4 Qd1+ 39. Kh2 Qd6+ 40. g3 Qxb4 41. Qd4+ f6 42. Qd5 Qb8 43. Qc5 Qf8 44. Qd5 e3 45. fxe3 Rxe3 46. Qb7+ Qe7 47. Qxa6 Qe5 48. Qb7+ Kh6 49. Qg2 f5 50. a6 f4 51. a7 fxg3+ 52. Kh1 Re1+ 53. Bf1 Qf4 54. Kg1 Qe3+ 55. Kh1 Qxa7 56. Qd2+ Qe3 57. Qxe3+ Rxe3 58. Kg2 Kh5 59. Kh3 g2+ 60. Kxg2 Kxh4 61. Kf2 Rg3 62. Be2 g5 63. Bc4 g4 64. Bf7 Rf3+ 65. Kg2 Rxf7 66. Kh2 Rf2+ 67. Kh1 Kg3 0-1

[Event "Titled Tuesday intern op 27th Dec Late"]
[Site "Chess.com INT"]
[Date "2022.12.27"]
[Round "5"]
[White "Popilski, Gil"]
[Black "Steinberg, Nitzan"]
[Result "1-0"]
[WhiteElo "2443"]
[BlackElo "2537"]
[PlyCount "67"]
[EventDate "2022.12.27"]
[EventType "swiss (blitz)"]
[EventRounds "11"]
[EventCountry "USA"]
[SourceTitle "EXT 2024"]
[Source "ChessBase"]
[SourceDate "2023.10.10"]
[SourceVersion "1"]
[SourceVersionDate "2023.10.10"]
[SourceQuality "1"]

1. e4 e5 2. Nf3 Nc6 3. d4 exd4 4. Nxd4 Bb4+ 5. c3 Be7 6. Nxc6 bxc6 7. e5 d5 8. Bd3 Rb8 9. 0-0 h5 10. Nd2 Nh6 11. Nb3 c5 12. c4 c6 13. Bf4 Be6 14. Rc1 Rc8 15. Qc2 Qd7 16. cxd5 cxd5 17. Ba6 Rc7 18. Nd4 0-0 19. Bb5 Qc8 20. Bxh6 gxh6 21. f4 Bd8 22. Nxe6 Qxe6 23. Bd3 c4 24. Bf5 Qb6+ 25. Kh1 Be7 26. Qd1 d4 27. Qxh5 d3 28. e6 Rc5 29. Rf3 d2 30. Rd1 c3 31. bxc3 Qb2 32. Rg3+ Bg5 33. Rxg5+ hxg5 34. Qh7# 1-0